Państwa Świata w miejscowniku - Statystyki

Ogólne statystyki
  • Ten quiz został rozwiązany 41 razy
  • Średni wynik to 116 z 196
Odpowiedzi na mapie
Odpowiedzi zakodowano w zielono-czerwonej skali na mapie do tego quizu, zgodnie z poniższymi procentami.
 
Statystyki odpowiedzi
Kraj % Poprawnych
Kanadzie
87%
Francji
80%
Brazylii
77%
Kubie
77%
Meksyku
77%
Polsce
77%
Rosji
77%
Stanach Zjednoczonych
77%
Belgii
73%
Danii
73%
Haiti
73%
Hiszpanii
73%
Hondurasie
73%
Portugalii
73%
Albanii
70%
Argentynie
70%
Austrii
70%
Białorusi
70%
Boliwii
70%
Chile
70%
Czechach
70%
Dominikanie
70%
Finlandii
70%
Holandii
70%
Norwegii
70%
Paragwaju
70%
Peru
70%
Słowacji
70%
Słowenii
70%
Urugwaju
70%
Australii
67%
Bułgarii
67%
Chinach
67%
Chorwacji
67%
Czarnogórze
67%
Dominice
67%
Egipcie
67%
Ekwadorze
67%
Estonii
67%
Grecji
67%
Irlandii
67%
Islandii
67%
Kolumbii
67%
Kostaryce
67%
Litwie
67%
Łotwie
67%
Mołdawii
67%
Niemczech
67%
Panamie
67%
Serbii
67%
Szwajcarii
67%
Szwecji
67%
Turcji
67%
Ukrainie
67%
Wenezueli
67%
Włoszech
67%
Andorze
63%
Etiopii
63%
Ghanie
63%
Gujanie
63%
Jamajce
63%
Kosowie
63%
Libii
63%
Luksemburgu
63%
Macedonii Północnej
63%
Madagaskarze
63%
Nigerii
63%
Rumunii
63%
Senegalu
63%
Somalii
63%
Surinamie
63%
Tunezji
63%
Watykanie
63%
Węgrzech
63%
Algierii
60%
Bangladeszu
60%
Belize
60%
Bośni i Hercegowinie
60%
Cyprze
60%
Czadzie
60%
Filipinach
60%
Gwatemali
60%
Indiach
60%
Indonezji
60%
Japonii
60%
Kamerunie
60%
Kazachstanie
60%
Malcie
60%
Malezji
60%
Maroku
60%
Mongolii
60%
Mozambiku
60%
Nowej Zelandii
60%
Omanie
60%
Pakistanie
60%
San Marino
60%
Singapurze
60%
Sudanie
60%
Sudanie Południowym
60%
Uzbekistanie
60%
Wielkiej Brytanii
60%
Arabii Saudyjskiej
57%
Armenii
57%
Azerbejdżanie
57%
Bahamach
57%
Bahrajnie
57%
Barbadosie
57%
Beninie
57%
Botswanie
57%
Burkinie Faso
57%
Dżibuti
57%
Gruzji
57%
Gwinei
57%
Izraelu
57%
Jemenie
57%
Kenii
57%
Korei Północnej
57%
Korei Południowej
57%
Lesotho
57%
Libanie
57%
Malediwach
57%
Mali
57%
Mikronezji
57%
Monako
57%
Nepalu
57%
Salwadorze
57%
Syrii
57%
Tajlandii
57%
Tajwanie
57%
Zambii
57%
Zimbabwe
57%
Angoli
53%
Bhutanie
53%
Burundi
53%
Iraku
53%
Iranie
53%
Jordanii
53%
Kiribati
53%
Komorach
53%
Liberii
53%
Liechtensteinie
53%
Malawi
53%
Mauretanii
53%
Mauritiusie
53%
Mjanmie
53%
Nikaragui
53%
Republice Południowej Afryki
53%
Seszelach
53%
Sri Lance
53%
Tadżykistanie
53%
Tanzanii
53%
Togo
53%
Tonga
53%
Turkmenistanie
53%
Tuvalu
53%
Ugandzie
53%
Wietnamie
53%
Wyspach Marshalla
53%
Wyspach Salomona
53%
Afganistanie
50%
Demokratycznej Republice Konga
50%
Erytrei
50%
Fidżi
50%
Gabonie
50%
Gwinei Bissau
50%
Kambodży
50%
Katarze
50%
Kirgistanie
50%
Kuwejcie
50%
Laosie
50%
Namibii
50%
Palau
50%
Papui-Nowej Gwinei
50%
Republice Środkowoafrykańskiej
50%
Rwandzie
50%
Saint Lucia
50%
Vanuatu
50%
Wybrzeżu Kości Słoniowej
50%
Zjednoczonych Emiratach Arabskich
50%
Eswatini
47%
Gwinei Równikowej
47%
Kongu
47%
Nauru
47%
Nigrze
47%
Samoa
47%
Sierra Leone
47%
Gambii
43%
Grenadzie
43%
Republice Zielonego Przylądka
43%
Trynidadzie i Tobago
43%
Timorze Wschodnim
40%
Wyspach Świętego Tomasza i Książecej
40%
Brunei
37%
Antigui i Barbudzie
33%
Saint Kitts i Nevisie
30%
Saint Vincent i Grenadynach
30%
Nie znaleziono quizów pasujących do podanych kryteriów
Rozkład punktacji
Procent ludzi z każdym wynikiem
Percentyl według liczby udzielonych odpowiedzi
Twoja historia wyników
Nie rozwiązałeś tego quizu